header

Cairo contested (Record no. 80628)

MARC details
000 -LEADER
fixed length control field 01337nam a2200325Ia 4500
245 00 - TITLE STATEMENT
Title Cairo contested
260 ## - PUBLICATION, DISTRIBUTION, ETC. (IMPRINT)
Place of publication Cairo ;
-- New York :
Name of publisher American University in Cairo Press,
Year of publication 2009.
300 ## - PHYSICAL DESCRIPTION
Number of Pages xv, 488 p. :
Other physical details ill., maps.
500 ## - GENERAL NOTE
General note Companion volume to Cairo cosmopolitan (2006).
650 #0 - SUBJECT ADDED ENTRY--TOPICAL TERM
Topical Term Social change
Topical Term Urban policy
700 1# - ADDED ENTRY--PERSONAL NAME
Personal name Singerman, Diane.
856 40 - ELECTRONIC LOCATION AND ACCESS
Uniform Resource Identifier http://site.ebrary.com/lib/rucke/Doc?id=10409547

No items available.

© 2026 Rongo University
Contact us: librarian | system librarian | Rongo university